000 00556nam a2200229Ia 4500
003 0100
008 130303s9999 xx 000 0 und d
020 _a0691066140
040 _cARRUPELIB
050 _aBJ1411.M55 1984
100 _aMilo, Ronald D
245 _aImmorality
260 _aPrinceton NJ
260 _bPrinceton University Press
260 _C1984
300 _axii
300 _b 273p. 24cm.
440 _aStudies in moral, political, and legal philosophy
650 _aETHICS
650 _bPhilosophy--History
942 0 0 _01
999 _c23935
_d23935